000 00222nam a2200097Ia 4500
001 705441
005 20250826162430.0
008 250824s9999 xx 000 0 und d
245 0 _aŞÖLEN
_cPLATON
260 _bŞULE YAYINLARI
999 _c705441
_d705441